| 000 | 00595nam a2200181Ia 4500 | ||
|---|---|---|---|
| 008 | 240729s9999 xx 000 0 und d | ||
| 022 | _a2580-1066 | ||
| 245 | 0 | _aJurnal Ilmiah Lingua Idea | |
| 260 | _aIndonesia | ||
| 260 | _bFaculty of Humanities, Universitas Jenderal Soedirman | ||
| 650 | _a Language. Linguistic theory. Comparative grammar | Language and Literature | ||
| 650 | _a Literature (General) | ||
| 650 | _a Philology. Linguistics | ||
| 650 | _aLanguage and Literature | ||
| 856 | _uhttps://doaj.org/toc/13c9e32f9002424787432904b9265a75 | ||
| 942 | _2ddc | ||
| 942 | _cDOAJEJ | ||
| 999 |
_c66350 _d66350 |
||
| 945 |
_a1 _bMadushi Gamage _c1 _dMadushi Gamage |
||